000 00252nam a22001217a 4500
003 OSt
005 20250708145700.0
008 250708b |||||||| |||| 00| 0 eng d
040 _cDLC
082 _a828.92
_bTHE
245 _aNot Dead Yet
942 _2ddc
_cBK
999 _c4123
_d4123